000 00716nam a22002537a 4500
001 42817
003 UA-OsUOA
005 20210114224651.0
007 ta
008 20061121b un ||||| |||| 00| 0 ukr d
020 _a5-9647-0039-Х
040 _aUA-OsUOA
_brus
_cUA-OsUOA
_dUA-OsUOA
041 _arus
080 _a72"652"
090 _a72"652"
_bМ60
100 _aМихаловский И. Б.
245 _aАрхитектурные формы античности
260 _aМ.
_bАрхитектура-С
_c2006
300 _a240 с.
650 7 _a72 Архітектура
_2UDC
942 _cBK
_2udc
955 _a2
999 _c329015
_d329015